000 00732nam a2200217 i 4500
001 128447
003 ES-MaACL
005 20251116063104.0
007 t|
008 070511s1960 sp ||||1| spa d
080 _a347.189.41(46)
100 1 _aTaboada Roca, Manuel,
_cConde de Borrajeiros
_9109031
245 1 4 _aLos títulos nobiliarios y su regulación legislativa en España /
_cManuel Taboada Roca.
250 _aReimp.
260 _aMadrid :
_bHidalguía, Instituto Salazar y Castro,
_c1960.
300 _a135 p. ;
_c26 cm.
650 1 4 _aTítulos nobiliarios-
_xDerecho-
_zEspaña.
_917545
710 2 _aInstituto Salazar y Castro.
_95230
852 _aES-MaACL
_jL-10563
_bR.111009
999 _c128447
_d128447